| 000 | 00000nam 2200000za 4500 |
| 001 | 9.609117 |
| 003 | CaOODSP |
| 005 | 20250506145323 |
| 007 | ta |
| 008 | 150406|1990||||xxc||||| f|0| 0 eng d |
| 020 | |a0-660-13628-7 |
| 022 | |a0706-7313 |
| 040 | |aCaOODSP|beng |
| 043 | |an-cn--- |
| 086 | 1 |aA42-42/1990-17E |
| 110 | 1 |aCanada.|bAgriculture Canada. |
| 245 | 14|aThe wolf spiders, nurseryweb spiders, and lynx spiders of Canada and Alaska (Araneae: Lycosidae, Pisauridae, and Oxyopidae) / |cby Charles D. Dondale and James H. Redner, Biosystematics Research Centre. |
| 260 | |aOttawa - Ontario : |bAgriculture Canada |c1990. |
| 300 | |a383p. : |bfigs., references ; |c23 cm. |
| 490 | 1 |aThe insects and arachnids of Canada|x0706-7313|vPart 17 |
| 500 | |aContents: Anatomy.--Family Lycosidae -- wolf spiders.--Family Pisauridae -- nurseryweb spiders.--Family Oxyopidae -- lynx spiders.--Glossary.--References.--Index. |
| 563 | |aSoftcover |
| 590 | |a91-08|b1991-02-22 |
| 690 | 07|aArachnids|2gcpds |
| 720 | 1 |aDondale, Charles D. |
| 720 | 1 |aRedner, James H. |
| 776 | 0#|tThe wolf spiders, nurseryweb spiders and lynx spiders of Canada and Alaska |w(CaOODSP)9.811388 |
| 830 | #0|aThe insects and arachnids of Canada,|x0706-7313|vPart 17|w(CaOODSP)9.514402 |
| 986 | |aPublication 1856 |